[Event "London Psyon"]
[Site "London"]
[Date "2023.08.07"]
[Round "2"]
[White "Arkell, Keith C"]
[Black "Stoica, Savas Marin"]
[Result "1-0"]
[WhiteElo "2373"]
[BlackElo "2147"]
[PlyCount "73"]
[EventDate "2023.08.07"]
[EventType "tourn"]
[EventRounds "9"]
[EventCountry "ENG"]
[SourceTitle "CBM 215 Extra"]
[Source "ChessBase"]
[SourceDate "2023.09.30"]
[SourceVersion "1"]
[SourceVersionDate "2023.09.30"]
[SourceQuality "1"]

1. g3 g6 2. Nf3 Bg7 3. c4 e5 4. Nc3 d6 5. d4 Nc6 6. dxe5 Nxe5 7. Bg2 Ne7 8. Nxe5 Bxe5 9. 0-0 0-0 10. Bh6 Re8 11. e4 Nc6 12. Qd2 Be6 13. Nd5 Bxd5 14. cxd5 Nb8 15. Bg5 Bf6 16. Bxf6 Qxf6 17. Rac1 c5 18. dxc6 Nxc6 19. Rfd1 Rad8 20. Rc3 Qe5 21. Rd3 Qb5 22. Qc3 Qc5 23. Qb3 Re7 24. Rd5 Qb4 25. Qxb4 Nxb4 26. R5d4 Nc6 27. Rxd6 Rxd6 28. Rxd6 Rc7 29. f4 Na5 30. e5 Rc1+ 31. Bf1 Rb1 32. b3 Rb2 33. Rd8+ Kg7 34. Rd7 Kf8 35. Bd3 a6 36. Be4 Rxa2 37. Bd5 1-0

[Event "GBR-ch 109th"]
[Site "Leicester"]
[Date "2023.07.22"]
[Round "1"]
[White "Stoica, Savas Marin"]
[Black "Hebden, Mark"]
[Result "1/2-1/2"]
[WhiteElo "2156"]
[BlackElo "2436"]
[PlyCount "93"]
[EventDate "2023.07.22"]
[EventType "swiss"]
[EventRounds "9"]
[EventCountry "ENG"]
[SourceTitle "CBM 215 Extra"]
[Source "ChessBase"]
[SourceDate "2023.09.30"]
[SourceVersion "1"]
[SourceVersionDate "2023.09.30"]
[SourceQuality "1"]

1. d4 Nf6 2. c4 g6 3. Nc3 Bg7 4. e4 d6 5. Be2 0-0 6. Bg5 c6 7. Nf3 Na6 8. 0-0 h6 9. Be3 Ng4 10. Bc1 e5 11. d5 f5 12. g3 Nf6 13. exf5 Bxf5 14. Nh4 c5 15. Re1 Qd7 16. Be3 e4 17. Nxf5 gxf5 18. a3 Nc7 19. Qd2 Kh7 20. b4 b6 21. Rab1 Nce8 22. bxc5 dxc5 23. a4 Nd6 24. a5 Ng4 25. Bxg4 fxg4 26. Qc2 Qf5 27. axb6 axb6 28. Nb5 Nxb5 29. Rxb5 Bd4 30. Bf4 Rf6 31. Rxe4 h5 32. Rb1 Kg6 33. Re2 Qxc2 34. Rxc2 h4 35. Re1 h3 36. d6 Rd8 37. Rce2 Bc3 38. Rc1 Rxf4 39. gxf4 Rxd6 40. Kf1 Bd4 41. Rce1 Kf5 42. Re8 Kxf4 43. R1e6 Rd7 44. R6e7 Rxe7 45. Rxe7 Kf3 46. Re6 Bb2 47. Re3+ 1/2-1/2

[Event "London Mindsports IM-A"]
[Site "London"]
[Date "2023.02.16"]
[Round "3"]
[White "Willow, Jonah B"]
[Black "Stoica, Savas Marin"]
[Result "1-0"]
[WhiteElo "2437"]
[BlackElo "2151"]
[PlyCount "71"]
[EventDate "2023.02.15"]
[EventType "tourn"]
[EventRounds "9"]
[EventCountry "ENG"]
[EventCategory "3"]
[SourceTitle "CBM 212 Extra"]
[Source "ChessBase"]
[SourceDate "2023.03.31"]
[SourceVersion "1"]
[SourceVersionDate "2023.03.31"]
[SourceQuality "1"]

1. e4 e6 2. d4 d5 3. Nc3 Bb4 4. exd5 exd5 5. Bd3 Nf6 6. Qf3 c5 7. Nge2 0-0 8. Bg5 cxd4 9. Nxd4 Nc6 10. Bxf6 Qxf6 11. Qxf6 gxf6 12. a3 Bxc3+ 13. bxc3 Bd7 14. Kd2 Rac8 15. Rab1 Na5 16. Rb4 b6 17. Re1 Rc7 18. Re3 Rfc8 19. Ne2 Nc4+ 20. Bxc4 dxc4 21. Re4 Rc5 22. Rd4 Be6 23. Ng3 f5 24. Nh5 Kf8 25. Nf4 Ke7 26. Rb1 Ra5 27. Ra1 Rcc5 28. Ne2 Ra4 29. Rh4 Rd5+ 30. Nd4 b5 31. Kc1 Kf6 32. Rxh7 b4 33. Nxe6 Re5 34. Rh6+ Ke7 35. Nd4 Re1+ 36. Kb2 1-0

[Event "Hastings Weekend op"]
[Site "Hastings"]
[Date "2023.01.07"]
[Round "2"]
[White "Marusenko, Petr"]
[Black "Stoica, Savas Marin"]
[Result "0-1"]
[WhiteElo "2041"]
[BlackElo "2150"]
[PlyCount "136"]
[EventDate "2023.01.07"]
[EventType "swiss"]
[EventRounds "5"]
[EventCountry "ENG"]
[SourceTitle "CBM 212 Extra"]
[Source "ChessBase"]
[SourceDate "2023.03.31"]
[SourceVersion "1"]
[SourceVersionDate "2023.03.31"]
[SourceQuality "1"]

1. d4 d5 2. c4 e6 3. Nc3 c6 4. e3 Nf6 5. Nf3 Nbd7 6. Qc2 Bd6 7. Bd3 0-0 8. b3 e5 9. cxd5 cxd5 10. dxe5 Nxe5 11. Nxe5 Bxe5 12. Bb2 Bg4 13. h3 Be6 14. 0-0 Rc8 15. Qd2 Qa5 16. Rac1 Rfd8 17. f4 Bc7 18. Qf2 d4 19. Ne4 Nxe4 20. Bxe4 Qxa2 21. Qh4 Qxb2 22. Rxc7 h6 23. Bxb7 Rb8 24. f5 Bxb3 25. f6 dxe3 26. Qg3 g6 27. Qxe3 Qd4 28. Qxd4 Rxd4 29. Ba6 Bd5 30. Rf2 Ra4 31. Bd3 a5 32. Rd7 Be6 33. Re7 Bb3 34. Rb2 Rab4 35. Bc2 Bd5 36. Rxb4 axb4 37. Re5 b3 38. Bb1 Be6 39. g4 Rc8 40. Re1 Rc3 41. Kg2 Bd5+ 42. Kh2 Rf3 43. Re5 Bc6 44. Rc5 Rxf6 45. Rc3 Bd5 46. Rc5 Be6 47. Kg3 Rf1 48. Bd3 Rd1 49. Be4 Kg7 50. Rb5 Kf6 51. Kf2 Rd2+ 52. Kf3 Ke7 53. Rb6 b2 54. Bb1 Kd7 55. h4 Kc7 56. Rb4 Kd6 57. g5 h5 58. Ke3 Rh2 59. Kf3 Kc5 60. Rb8 Kd4 61. Rb6 Kc3 62. Rc6+ Kd4 63. Rb6 Bd5+ 64. Kg3 Rg2+ 65. Kh3 Rd2 66. Rb8 Ke3 67. Rb5 Kf3 68. Rb6 Be6+ 0-1

[Event "EU-chT U18"]
[Site "Thessaloniki"]
[Date "2022.07.15"]
[Round "4.7"]
[White "Stoica, Savas Marin"]
[Black "Olenik Campa, Rudi"]
[Result "0-1"]
[WhiteElo "2092"]
[BlackElo "2203"]
[PlyCount "112"]
[EventDate "2022.07.12"]
[EventType "team-swiss"]
[EventRounds "7"]
[EventCountry "GRE"]
[SourceTitle "CBM 209 Extra"]
[Source "ChessBase"]
[SourceDate "2022.09.30"]
[SourceVersion "1"]
[SourceVersionDate "2022.09.30"]
[SourceQuality "1"]
[WhiteTeam "England U18"]
[BlackTeam "Slovenia U18 II"]
[WhiteTeamCountry "ENG"]
[BlackTeamCountry "SLO"]

1. d4 Nf6 2. c4 e6 3. Nc3 d5 4. cxd5 exd5 5. Bg5 Be7 6. e3 c6 7. Bd3 0-0 8. Qc2 h6 9. Bh4 Re8 10. Nge2 a5 11. 0-0 Na6 12. a3 Nc7 13. f3 c5 14. Bf2 Ne6 15. dxc5 Bxc5 16. Nb5 Qb6 17. Ned4 Bd7 18. Rfe1 Rac8 19. Qd2 Red8 20. Rad1 Bxb5 21. Nxb5 Ne4 22. Bxe4 dxe4 23. Qe2 exf3 24. gxf3 Re8 25. Qf1 Ng5 26. Kg2 Qe6 27. Bg3 Qb3 28. e4 Nxf3 29. Qxf3 Qxb5 30. Re2 Rc6 31. e5 Rce6 32. Rc2 Be7 33. Rd5 Qa4 34. Qd3 Rc6 35. Re2 Rcc8 36. Rf2 Rf8 37. h3 Qc6 38. Kh2 Rcd8 39. Rxd8 Rxd8 40. Qb3 Qd5 41. Qa4 h5 42. Rg2 h4 43. Bxh4 Bxh4 44. Qxh4 Qxe5+ 45. Qg3 Qxg3+ 46. Kxg3 Rd3+ 47. Kg4 g6 48. h4 Rd4+ 49. Kg3 Kg7 50. Rc2 Rd5 51. Re2 b5 52. Re3 Kf6 53. Rf3+ Kg7 54. Re3 a4 55. Rf3 Rd2 56. b3 Rb2 0-1

[Event "EU-chT U18"]
[Site "Thessaloniki"]
[Date "2022.07.12"]
[Round "1.5"]
[White "Stoica, Savas Marin"]
[Black "Tadic, Stefan"]
[Result "0-1"]
[WhiteElo "2092"]
[BlackElo "2356"]
[PlyCount "82"]
[EventDate "2022.07.12"]
[EventType "team-swiss"]
[EventRounds "7"]
[EventCountry "GRE"]
[SourceTitle "CBM 209 Extra"]
[Source "ChessBase"]
[SourceDate "2022.09.30"]
[SourceVersion "1"]
[SourceVersionDate "2022.09.30"]
[SourceQuality "1"]
[WhiteTeam "England U18"]
[BlackTeam "Serbia U18"]
[WhiteTeamCountry "ENG"]
[BlackTeamCountry "SRB"]

1. d4 Nf6 2. c4 c5 3. d5 b5 4. cxb5 a6 5. f3 g6 6. e4 Bg7 7. e5 Ng8 8. f4 d6 9. Nf3 Nh6 10. Nc3 0-0 11. Be2 axb5 12. Bxb5 Bg4 13. 0-0 Nf5 14. h3 Bxf3 15. Qxf3 dxe5 16. d6 Ra7 17. dxe7 Rxe7 18. Rd1 Nd4 19. Qd5 Qxd5 20. Nxd5 Rb7 21. Bd3 Rd8 22. Nc3 exf4 23. Bxf4 Rxb2 24. Rac1 Ne6 25. Bxb8 Rdxb8 26. Bc4 Nf4 27. Bf1 Bxc3 28. Rxc3 Rxg2+ 29. Bxg2 Ne2+ 30. Kf2 Nxc3 31. Rd2 Re8 32. Rc2 Nd1+ 33. Kf3 Re3+ 34. Kf4 Ra3 35. Bf3 Nc3 36. h4 Kg7 37. h5 Kf6 38. hxg6 hxg6 39. Bc6 Nxa2 40. Rxc5 Nb4 41. Be4 Nd3+ 0-1

[Event "BCF-chT 2122 (4NCL)"]
[Site "England"]
[Date "2022.04.30"]
[Round "7.94"]
[White "Stoica, Savas Marin"]
[Black "Pein, Jonathan"]
[Result "0-1"]
[WhiteElo "1910"]
[BlackElo "2245"]
[PlyCount "108"]
[EventDate "2021.11.27"]
[EventType "team-swiss"]
[EventRounds "11"]
[EventCountry "ENG"]
[SourceTitle "EXT 2023"]
[Source "ChessBase"]
[SourceDate "2022.10.05"]
[SourceVersion "1"]
[SourceVersionDate "2022.10.05"]
[SourceQuality "1"]
[WhiteTeam "Barnet Knights"]
[BlackTeam "Celtic Tigers"]
[WhiteTeamCountry "ENG"]
[BlackTeamCountry "ENG"]

1. e4 d5 2. exd5 Qxd5 3. Nc3 Qa5 4. d4 c6 5. Nf3 Bf5 6. Bc4 e6 7. 0-0 Nf6 8. Bd2 Qc7 9. Re1 Bd6 10. Ne5 0-0 11. Bb3 Nbd7 12. Qe2 a6 13. Rad1 b5 14. Bf4 Nb6 15. Bg3 Nbd5 16. Nxd5 cxd5 17. a4 bxa4 18. Bxa4 Rfb8 19. Bb3 a5 20. Ra1 Rb4 21. Ra4 Rab8 22. Rea1 h6 23. Qa6 Rxa4 24. Bxa4 Rxb2 25. Nd3 Bxd3 26. Bxd6 Bxa6 27. Bxc7 Bb5 28. Bxb5 Rxb5 29. Bxa5 Rb2 30. Rc1 Ne4 31. f3 Nd6 32. Kf2 Nc4 33. Bc3 Ra2 34. Ke2 Ra3 35. Bb4 Ra2 36. Bc3 g5 37. h4 gxh4 38. Be1 h3 39. gxh3 f6 40. Bb4 Kf7 41. f4 Kg6 42. Kf3 Kf5 43. Bf8 h5 44. Bb4 Ra4 45. Rb1 Ra2 46. Rc1 Na3 47. Bxa3 Rxa3+ 48. c3 h4 49. Rc2 Ra1 50. c4 dxc4 51. Rxc4 Ra3+ 52. Kg2 Rg3+ 53. Kh2 Rf3 54. Rc5+ Ke4 0-1

[Event "Southend Easter op 64th"]
[Site "Southend"]
[Date "2022.04.17"]
[Round "5"]
[White "Stoica, Savas Marin"]
[Black "Tapp, James"]
[Result "1/2-1/2"]
[WhiteElo "1963"]
[BlackElo "1882"]
[PlyCount "109"]
[EventDate "2022.04.15"]
[EventType "swiss"]
[EventRounds "7"]
[EventCountry "ENG"]
[SourceTitle "CBM 207 Extra"]
[Source "ChessBase"]
[SourceDate "2022.05.31"]
[SourceVersion "1"]
[SourceVersionDate "2022.05.31"]
[SourceQuality "1"]

1. d4 Nf6 2. c4 e6 3. Nc3 Bb4 4. f3 d5 5. a3 Bxc3+ 6. bxc3 c5 7. cxd5 Nxd5 8. dxc5 f5 9. Nh3 Nc6 10. c4 Qh4+ 11. g3 Qxc4 12. e4 Qc3+ 13. Bd2 Qe5 14. Nf2 fxe4 15. Nxe4 0-0 16. Bg2 Qd4 17. Bg5 Ne3 18. Qxd4 Nxg2+ 19. Kf2 Nxd4 20. Kxg2 Nxf3 21. Be7 Rf7 22. Rad1 Rxe7 23. Rd8+ Kf7 24. Nd6+ Kg6 25. Nxc8 Rxc8 26. Rxc8 Nd4 27. g4 e5 28. Rd8 Ne6 29. Rd6 h5 30. Kg3 hxg4 31. Kxg4 Kf7 32. c6 bxc6 33. Rxc6 e4 34. Re1 Nc7 35. Rc5 Ne8 36. a4 Kg6 37. Rg5+ Kf7 38. Kf4 Nf6 39. a5 Rc7 40. Rb5 a6 41. Rf5 Rc3 42. Re3 Rc2 43. h3 Ke6 44. Re5+ Kd6 45. Rg5 Nd5+ 46. Kxe4 Nxe3 47. Kxe3 Rc3+ 48. Kd4 Rxh3 49. Rg6+ Kc7 50. Rxa6 Ra3 51. Kc4 Kb7 52. Rb6+ Ka7 53. Kb4 Ra1 54. Rg6 Rb1+ 55. Kc3 1/2-1/2

[Event "BCF-chT 2122 (4NCL)"]
[Site "England"]
[Date "2022.02.13"]
[Round "4.64"]
[White "Horton, Jamie A"]
[Black "Stoica, Savas Marin"]
[Result "0-1"]
[WhiteElo "2209"]
[BlackElo "1910"]
[PlyCount "54"]
[EventDate "2021.11.27"]
[EventType "team-swiss"]
[EventRounds "11"]
[EventCountry "ENG"]
[SourceTitle "EXT 2023"]
[Source "ChessBase"]
[SourceDate "2022.10.05"]
[SourceVersion "1"]
[SourceVersionDate "2022.10.05"]
[SourceQuality "1"]
[WhiteTeam "Wood Green Youth"]
[BlackTeam "Barnet Knights"]
[WhiteTeamCountry "ENG"]
[BlackTeamCountry "ENG"]

1. d4 d5 2. c4 e6 3. Nc3 c6 4. g3 Nf6 5. Bg2 Be7 6. Nf3 0-0 7. 0-0 Nbd7 8. Qc2 dxc4 9. e4 b5 10. Bg5 h6 11. Bf4 b4 12. Nd1 Ba6 13. Re1 c5 14. Ne3 cxd4 15. Nxd4 Nb6 16. Rad1 Qe8 17. e5 Nfd5 18. Nxd5 Nxd5 19. Bxd5 exd5 20. e6 Bc8 21. exf7+ Qxf7 22. Rd2 Bd7 23. Rde2 Bf6 24. Be5 Rae8 25. f4 g5 26. fxg5 Bxe5 27. Rxe5 Rxe5 0-1

[Event "UK Challenge Terafinal U18"]
[Site "Blenheim"]
[Date "2021.10.09"]
[Round "1"]
[White "Han, Yichen"]
[Black "Stoica, Savas Marin"]
[Result "1-0"]
[WhiteElo "2014"]
[BlackElo "1737"]
[PlyCount "85"]
[EventDate "2021.10.09"]
[EventType "tourn (rapid)"]
[EventRounds "11"]
[EventCountry "ENG"]
[SourceTitle "EXT 2023"]
[Source "ChessBase"]
[SourceDate "2022.10.05"]
[SourceVersion "1"]
[SourceVersionDate "2022.10.05"]
[SourceQuality "1"]

1. e4 c5 2. Nc3 Nc6 3. Bb5 g6 4. Bxc6 bxc6 5. d3 Bg7 6. f4 d6 7. Nf3 Nf6 8. 0-0 0-0 9. Qe1 Ne8 10. Qh4 Nc7 11. Kh1 Rb8 12. Nd1 a5 13. Rb1 Nb5 14. b3 e6 15. Qg3 Nd4 16. Nxd4 cxd4 17. Nb2 f5 18. e5 Ba6 19. Bd2 dxe5 20. fxe5 Rb5 21. Nc4 Qd5 22. a4 Rbb8 23. Rfe1 Bxc4 24. dxc4 Qc5 25. Rbd1 Rbd8 26. Bf4 Qb4 27. Rd3 c5 28. Red1 Qb7 29. h4 Kf7 30. Qe1 Qe4 31. Qg3 Qe2 32. c3 Qb2 33. cxd4 Rxd4 34. Rxd4 cxd4 35. Qd3 Rd8 36. c5 Bf8 37. c6 Bc5 38. Rc1 Bb4 39. c7 Rc8 40. Qb5 Qf2 41. Qd7+ Be7 42. Qxc8 Qxh4+ 43. Bh2 1-0

[Event "UK Challenge Terafinal U18"]
[Site "Blenheim"]
[Date "2021.10.09"]
[Round "6"]
[White "Stoica, Savas Marin"]
[Black "Jackson, Edward"]
[Result "0-1"]
[WhiteElo "1737"]
[BlackElo "1379"]
[PlyCount "48"]
[EventDate "2021.10.09"]
[EventType "tourn (rapid)"]
[EventRounds "11"]
[EventCountry "ENG"]
[SourceTitle "EXT 2023"]
[Source "ChessBase"]
[SourceDate "2022.10.05"]
[SourceVersion "1"]
[SourceVersionDate "2022.10.05"]
[SourceQuality "1"]

1. e4 c6 2. Nf3 d5 3. d3 dxe4 4. dxe4 Qxd1+ 5. Kxd1 Bg4 6. Be2 Nd7 7. Nfd2 Bxe2+ 8. Kxe2 e5 9. Nc4 0-0-0 10. Be3 Bc5 11. Bxc5 Nxc5 12. Nxe5 Nh6 13. f3 Rhe8 14. Nd3 Ne6 15. c3 f5 16. Nd2 Rd7 17. Ne1 Nc5 18. Ke3 fxe4 19. Nxe4 Rde7 20. Nd3 Nxe4 21. fxe4 Rxe4+ 22. Kf2 Re2+ 23. Kf1 Rd2 24. Nf4 Rxb2 0-1

[Event "BCF-chT2b 1920 (4NCL)"]
[Site "Daventry"]
[Date "2020.01.11"]
[Round "3.68"]
[White "Roy, Ali"]
[Black "Stoica, Savas Marin"]
[Result "1/2-1/2"]
[WhiteElo "1871"]
[BlackElo "1689"]
[PlyCount "58"]
[EventDate "2020.01.11"]
[EventType "team-tourn"]
[EventRounds "11"]
[EventCountry "ENG"]
[SourceTitle "CBM 194 Extra"]
[Source "ChessBase"]
[SourceDate "2020.03.31"]
[SourceVersion "1"]
[SourceVersionDate "2020.03.31"]
[SourceQuality "1"]
[WhiteTeam "Alba"]
[BlackTeam "Barnet Knights"]
[WhiteTeamCountry "ENG"]
[BlackTeamCountry "ENG"]

1. Nf3 Nf6 2. g3 b5 3. Bg2 Bb7 4. 0-0 e6 5. d3 d5 6. Nbd2 Be7 7. Qe1 0-0 8. e4 dxe4 9. Nxe4 Nbd7 10. a4 Nxe4 11. dxe4 b4 12. Qe2 Qc8 13. Rd1 Nc5 14. Nd4 Rd8 15. b3 Nd7 16. Bb2 c5 17. Nf3 Ba6 18. Qe3 c4 19. c3 Rb8 20. cxb4 Rxb4 21. Qc3 Bf8 22. bxc4 Rxc4 23. Qe3 Nb6 24. a5 Rxd1+ 25. Rxd1 Na4 26. Bd4 Qd8 27. Bf1 Rc3 28. Qd2 Rc6 29. Bxa7 Qxd2 1/2-1/2